<?xml version="1.0" encoding="UTF-8"?>
<record
    xmlns:xsi="http://www.w3.org/2001/XMLSchema-instance"
    xsi:schemaLocation="http://www.loc.gov/MARC21/slim http://www.loc.gov/standards/marcxml/schema/MARC21slim.xsd"
    xmlns="http://www.loc.gov/MARC21/slim">

  <leader>00363nam a22001577a 4500</leader>
  <controlfield tag="003">SGT</controlfield>
  <datafield tag="020" ind1=" " ind2=" ">
    <subfield code="a">978-81-222-0583-1</subfield>
  </datafield>
  <datafield tag="082" ind1=" " ind2=" ">
    <subfield code="a">613.70</subfield>
    <subfield code="b">C19A</subfield>
  </datafield>
  <datafield tag="100" ind1=" " ind2=" ">
    <subfield code="a">ANANDA, ,SRI</subfield>
  </datafield>
  <datafield tag="245" ind1=" " ind2=" ">
    <subfield code="a">THE COMPLETE BOOK OF YOGA</subfield>
  </datafield>
  <datafield tag="260" ind1=" " ind2=" ">
    <subfield code="a">DELHI</subfield>
    <subfield code="b">ORIENT PAPERBACK</subfield>
    <subfield code="c">2019</subfield>
  </datafield>
  <datafield tag="300" ind1=" " ind2=" ">
    <subfield code="a">216</subfield>
  </datafield>
  <datafield tag="650" ind1=" " ind2=" ">
    <subfield code="a">YOGA</subfield>
  </datafield>
  <datafield tag="653" ind1=" " ind2=" ">
    <subfield code="a">YOGA, MEDITATION, YOGASHAN</subfield>
  </datafield>
  <datafield tag="942" ind1=" " ind2=" ">
    <subfield code="2">ddc</subfield>
    <subfield code="c">BK</subfield>
    <subfield code="0">14</subfield>
  </datafield>
  <datafield tag="952" ind1=" " ind2=" ">
    <subfield code="0">0</subfield>
    <subfield code="1">0</subfield>
    <subfield code="2">ddc</subfield>
    <subfield code="4">0</subfield>
    <subfield code="5">1</subfield>
    <subfield code="7">0</subfield>
    <subfield code="8">FA</subfield>
    <subfield code="a">APL</subfield>
    <subfield code="b">APL</subfield>
    <subfield code="c">REF</subfield>
    <subfield code="d">2022-03-05</subfield>
    <subfield code="e">SAVERA BOOK DISTRIBUTERS</subfield>
    <subfield code="g">540.00</subfield>
    <subfield code="i">SGTU</subfield>
    <subfield code="o">613.70 C19A</subfield>
    <subfield code="p">FA11046</subfield>
    <subfield code="r">2022-03-05 00:00:00</subfield>
    <subfield code="w">2022-01-31</subfield>
    <subfield code="y">BK</subfield>
    <subfield code="k">21-22/CRB/504</subfield>
  </datafield>
  <datafield tag="952" ind1=" " ind2=" ">
    <subfield code="0">0</subfield>
    <subfield code="1">0</subfield>
    <subfield code="2">ddc</subfield>
    <subfield code="4">0</subfield>
    <subfield code="7">0</subfield>
    <subfield code="8">FA</subfield>
    <subfield code="a">APL</subfield>
    <subfield code="b">APL</subfield>
    <subfield code="c">TXT</subfield>
    <subfield code="d">2022-03-05</subfield>
    <subfield code="e">SAVERA BOOK DISTRIBUTERS</subfield>
    <subfield code="g">540.00</subfield>
    <subfield code="i">SGTU</subfield>
    <subfield code="l">15</subfield>
    <subfield code="o">613.70 C19A</subfield>
    <subfield code="p">FA11047</subfield>
    <subfield code="r">2026-02-06 00:00:00</subfield>
    <subfield code="s">2026-02-06</subfield>
    <subfield code="w">2022-01-31</subfield>
    <subfield code="y">BK</subfield>
    <subfield code="k">21-22/CRB/504</subfield>
  </datafield>
  <datafield tag="952" ind1=" " ind2=" ">
    <subfield code="0">0</subfield>
    <subfield code="1">0</subfield>
    <subfield code="2">ddc</subfield>
    <subfield code="4">0</subfield>
    <subfield code="7">0</subfield>
    <subfield code="8">FA</subfield>
    <subfield code="a">APL</subfield>
    <subfield code="b">APL</subfield>
    <subfield code="c">TXT</subfield>
    <subfield code="d">2022-03-05</subfield>
    <subfield code="e">SAVERA BOOK DISTRIBUTERS</subfield>
    <subfield code="g">540.00</subfield>
    <subfield code="i">SGTU</subfield>
    <subfield code="l">10</subfield>
    <subfield code="o">613.70 C19A</subfield>
    <subfield code="p">FA11048</subfield>
    <subfield code="r">2026-01-20 00:00:00</subfield>
    <subfield code="s">2026-01-16</subfield>
    <subfield code="w">2022-01-31</subfield>
    <subfield code="y">BK</subfield>
    <subfield code="k">21-22/CRB/504</subfield>
  </datafield>
  <datafield tag="952" ind1=" " ind2=" ">
    <subfield code="0">0</subfield>
    <subfield code="1">0</subfield>
    <subfield code="2">ddc</subfield>
    <subfield code="4">0</subfield>
    <subfield code="7">0</subfield>
    <subfield code="8">FA</subfield>
    <subfield code="a">APL</subfield>
    <subfield code="b">APL</subfield>
    <subfield code="c">TXT</subfield>
    <subfield code="d">2022-03-05</subfield>
    <subfield code="e">SAVERA BOOK DISTRIBUTERS</subfield>
    <subfield code="g">540.00</subfield>
    <subfield code="i">SGTU</subfield>
    <subfield code="l">7</subfield>
    <subfield code="o">613.70 C19A</subfield>
    <subfield code="p">FA11049</subfield>
    <subfield code="r">2025-05-27 00:00:00</subfield>
    <subfield code="s">2025-05-27</subfield>
    <subfield code="w">2022-01-31</subfield>
    <subfield code="y">BK</subfield>
    <subfield code="k">21-22/CRB/504</subfield>
  </datafield>
  <datafield tag="952" ind1=" " ind2=" ">
    <subfield code="0">0</subfield>
    <subfield code="1">0</subfield>
    <subfield code="2">ddc</subfield>
    <subfield code="4">0</subfield>
    <subfield code="7">0</subfield>
    <subfield code="8">FA</subfield>
    <subfield code="a">APL</subfield>
    <subfield code="b">APL</subfield>
    <subfield code="c">TXT</subfield>
    <subfield code="d">2022-03-05</subfield>
    <subfield code="e">SAVERA BOOK DISTRIBUTERS</subfield>
    <subfield code="g">540.00</subfield>
    <subfield code="i">SGTU</subfield>
    <subfield code="l">3</subfield>
    <subfield code="o">613.70 C19A</subfield>
    <subfield code="p">FA11050</subfield>
    <subfield code="r">2025-05-27 00:00:00</subfield>
    <subfield code="s">2025-05-27</subfield>
    <subfield code="w">2022-01-31</subfield>
    <subfield code="y">BK</subfield>
    <subfield code="k">21-22/CRB/504</subfield>
  </datafield>
  <datafield tag="999" ind1=" " ind2=" ">
    <subfield code="c">22450</subfield>
    <subfield code="d">22450</subfield>
  </datafield>
</record>
